Euro znásilňuje ekonomické zákony

Dlhová kríza a riešenia Európskej centrálnej banky. Rozdielne nástroje národných fiškálnych politík členských krajín eurozóny. Znižovanie rozpočtových deficitov v najviac zadlžených krajinách eurozóny. Požičiavanie eurovalových peňazí.

Salvato in:
Dettagli Bibliografici
Autore principale: Hölcz, Róbert
Natura: Capitolo di libro
Lingua:slovacco
Soggetti:
Tags: Aggiungi Tag
Nessun Tag, puoi essere il primo ad aggiungerne!!

MARC

LEADER 00000naa a2200000 4500
001 0143544
005 20231006124250.3
041 0 |a slo 
044 |a SK 
245 1 0 |a Euro znásilňuje ekonomické zákony  |c Róbert Hölcz 
520 |a Dlhová kríza a riešenia Európskej centrálnej banky. Rozdielne nástroje národných fiškálnych politík členských krajín eurozóny. Znižovanie rozpočtových deficitov v najviac zadlžených krajinách eurozóny. Požičiavanie eurovalových peňazí. 
610 2 0 |a Európska únia 
610 2 0 |a eurozóna 
610 2 0 |a euro 
610 2 0 |a banky centrálne 
610 2 0 |a politika fiškálna 
610 2 0 |a deficit rozpočtový 
610 2 0 |a politika kohézna 
610 2 0 |a bezpečnosť ekonomická 
610 2 0 |a spolupráca medzinárodná 
100 1 |a Hölcz, Róbert